000 00528nam a2200181Ia 4500
005 20250326123650.0
008 250326s9999 xx 000 0 und d
037 _aTextbook
040 _aFMSL
_beng
_cFMSL
041 _aeng
_2eng
084 _aX9B.1 M5
_qFMSL
100 _aSingh J
_9339649
245 0 _aMarking and management of small enterprises
_cSingh J
260 _aNew Delhi
_bNew Delhi, Institute of Marketing Management
_c1985
300 _a156p
942 _cTB
_hX9B.1 M5
999 _c1270401
_d1270401